Lecture 15 Quiz Stats

 Plays Quiz not verified by Sporcle

Score 0/60 Timer 05:00
0 Plays Today
% Correct
Antonio Coppola
100%
Bernini
100%
Gabriele Fonseca
91.7%
Paul V
91.7%
Bernini
91.7%
Caricature of Scipione Borghese
91.7%
Vatican Library
91.7%
Bernini
91.7%
Caricature of Innocent XI
91.7%
Vatican Library
91.7%
Bernini
91.7%
Louis XIV
91.7%
Giuliano Finelli
91.7%
Scipione Borghese
91.7%
Giuliano Finelli
91.7%
Versailles
91.7%
Galleria Borghese
91.7%
Costanza Bonarelli
91.7%
Bernini
91.7%
Galleria Borghese
91.7%
Scipione Borghese
91.7%
Bernini
91.7%
Urban VIII
91.7%
Bernini
91.7%
Bernini
91.7%
Bernini
91.7%
Bernini
91.7%
Pedro de Foix Montoya
83.3%
Bargello Museum
83.3%
1632
83.3%
% Correct
1680
83.3%
1612
83.3%
1665
83.3%
1618
83.3%
1622
83.3%
1665
83.3%
1631
83.3%
Metropolitan Museum of Art
83.3%
Francesco Bracciolini
83.3%
1630
83.3%
Alessandro Algardi
83.3%
S. Giovanni dei Fiorentini
83.3%
S. Lorenzo in Lucina
83.3%
S. Maria di Monserrato
83.3%
1636
83.3%
1632
83.3%
Galleria Nazionale d' Arte Antica
83.3%
1632
83.3%
Victoria and Albert Museum
75%
Laudivio Zacchia
75%
1635
75%
Alessandro Algardi
75%
Giovanni Mellini
75%
S. Maria del Popolo
75%
Alessandro Algardi
75%
Olimpia Maidalchini
75%
Galleria Doria-Pamphilj
75%
Berlin State Museum
66.7%
1637
66.7%
1646
66.7%

You're not logged in!

Compare scores with friends on all Sporcle quizzes.
OR
Log In

Show Comments

Extras

Created Oct 20, 2010ReportNominate
Tags:Artist Quiz, date, place

Top Quizzes Today


Score Distribution

Your Account Isn't Verified!

In order to create a playlist on Sporcle, you need to verify the email address you used during registration. Go to your Sporcle Settings to finish the process.

Report this User

Report this user for behavior that violates our Community Guidelines.

Details: